000 00429pam a2200169 i 4500
020 _a0387903836
040 _cDLC
082 0 0 _a581 SPR 1979 A033 Or.
100 1 _aLüttge, Ulrich.
245 1 0 _aTransport in plants /
260 _aNew York :
_bSpringer Verlag,
_c1979.
300 _ax, 468 p. :
_bill. ;
_c24 cm.
500 _aIncludes index.
650 0 _aPlant translocation.
700 1 _aHiginbotham, Noe,
942 _cEK
999 _c12214
_d12214